Moderná kuchárka. Dezerty

Bibliographic Details
Format: Article
Language:Slovak
Subjects:

MARC

LEADER 00000nab a2200000 ar4500
001 vtls008959028
003 SK-MaSNL
005 20260303071032.0
008 070327c2007 xo er|p|||||||000 b|slo
015 |a SNBRB2007/03  |2 snkbucl 
038 |a SNKBUCL 
040 |a SNKBUCL  |b slo  |c SNKBUCL  |e AACR2 
041 0 |a slo 
044 |a xo  |c SK 
080 |a 641.85  |x (083.12)  |x (048)  |2 2001 
245 0 0 |a Moderná kuchárka. Dezerty  |c [autor] -eta- 
650 0 7 |a dezerty  |x príprava  |x kuchárske knihy  |2 snkbucl  |9 1069226 
655 7 |a recenzie  |2 snkbucl  |9 21907 
740 0 2 |a Moderná kuchárka 
773 0 |t Knižná revue  |g Roč. XVII, č. 6 (2007), s. 10  |x 1210-1982 
787 0 8 |i Rec.:  |t Dezerty : moderná kuchárka  |d Bratislava : Slovart, 2006  |z 808085209X 
852 |a SNK  |b KIS3GCP 
958 |a RC 
999 |c 1758021  |d 1759951